An assessment of records management practices at National Archives of Zimbabwe: Mutare Records Centre / (Record no. 172800)
[ view plain ]
| 000 -LEADER | |
|---|---|
| fixed length control field | 01426nam a2200301 4500 |
| 003 - CONTROL NUMBER IDENTIFIER | |
| control field | NUST |
| 005 - DATE AND TIME OF LATEST TRANSACTION | |
| control field | 20260428120445.0 |
| 008 - FIXED-LENGTH DATA ELEMENTS--GENERAL INFORMATION | |
| fixed length control field | 260428b |||||||| |||| 00| 0 eng d |
| 040 ## - CATALOGING SOURCE | |
| Original cataloging agency | NUST |
| Language of cataloging | eng |
| Transcribing agency | NUST |
| Modifying agency | NUST |
| Description conventions | rda |
| 050 ## - LIBRARY OF CONGRESS CALL NUMBER | |
| Classification number | CD997.Z55 CHI |
| 100 ## - MAIN ENTRY--PERSONAL NAME | |
| Personal name | Chizanga, Shadreck. |
| Relator term | author. |
| 245 ## - TITLE STATEMENT | |
| Title | An assessment of records management practices at National Archives of Zimbabwe: Mutare Records Centre / |
| Statement of responsibility | by Shadreck Chizanga. |
| 260 ## - PUBLICATION, DISTRIBUTION, ETC. | |
| Place of publication, distribution, etc. | Bulawayo, Zimbabwe : |
| Name of publisher, distributor, etc. | National University of Science and Technology , |
| Date of publication, distribution, etc. | ©2024. |
| 300 ## - PHYSICAL DESCRIPTION | |
| Extent | xiii, 81 pages : |
| Dimensions | 30 cm. |
| Other physical details | illustrations ; |
| 336 ## - CONTENT TYPE | |
| Source | rdacontent |
| Content type term | text |
| Content type code | txt |
| 337 ## - MEDIA TYPE | |
| Source | rdamedia |
| Media type term | unmediated |
| Media type code | n |
| 338 ## - CARRIER TYPE | |
| Source | rdacarrier |
| Carrier type term | volume |
| Carrier type code | nc |
| 500 ## - | |
| Typescript | A research project submitted to the National University of Science and Technology in partial fulfilment of the Master of Science degree in Records and Archives Management. |
| 501 ## - | |
| -- | (MSc in Records and Archives Management) National University of Science and Technology, 2024. |
| 504 ## - BIBLIOGRAPHY, ETC. NOTE | |
| Bibliography, etc. note | Includes bibliographical references. |
| 650 ## - SUBJECT ADDED ENTRY--TOPICAL TERM | |
| Topical term or geographic name entry element | Archives |
| General subdivision | Management |
| Geographic subdivision | Zimbabwe. |
| 650 ## - SUBJECT ADDED ENTRY--TOPICAL TERM | |
| Topical term or geographic name entry element | Records management |
| Geographic subdivision | Mutare, Zimbabwe. |
| 650 ## - SUBJECT ADDED ENTRY--TOPICAL TERM | |
| Topical term or geographic name entry element | Government archives |
| Geographic subdivision | Zimbabwe. |
| 650 ## - SUBJECT ADDED ENTRY--TOPICAL TERM | |
| Topical term or geographic name entry element | Information resources management |
| Geographic subdivision | Zimbabwe. |
| 650 ## - SUBJECT ADDED ENTRY--TOPICAL TERM | |
| Topical term or geographic name entry element | National Archives of Zimbabwe (Mutare Records Centre). |
| 700 ## - ADDED ENTRY--PERSONAL NAME | |
| Personal name | Dr S Chabikwa. |
| Relator term | supervisor. |
| 942 ## - ADDED ENTRY ELEMENTS (KOHA) | |
| Source of classification or shelving scheme | Library of Congress Classification |
| Suppress in OPAC | No |
| Koha item type | 3-Hour Loan Material |
| Classification part | CD997.Z55 |
| Call number prefix | CD |
| Call number suffix | CHI |
| 999 ## - | |
| -- | 172800 |
| -- | 172800 |
| Withdrawn status | Lost status | Source of classification or shelving scheme | Damaged status | Not for loan | Collection | Home library | Current library | Shelving location | Date acquired | Total Checkouts | Full call number | Barcode | Date last seen | Accession number | Price effective from | Koha item type |
|---|---|---|---|---|---|---|---|---|---|---|---|---|---|---|---|---|
| LCC | NFIC | MAIN | MAIN | GEN | 04/28/2026 | CD997.Z55 CHI | 92004057188 | 04/28/2026 | SC25/1498 | 04/28/2026 | 3HOUR |